Новото фамилно име (Запис номер 207322)
[ съкратено ]
| 000 -Лидер | |
|---|---|
| Контролно поле с фиксирана дължина | 01486nam a2200385 a 4500 |
| 003 - Код на организацията, давaща контролен номер | |
| Контролно поле | BLK |
| 005 - Дата и час на последна редакция | |
| Контролно поле | 20250312142630.0 |
| 008 - Елементи от данни с фиксирана дължина | |
| fixed length control field | 180411b bul|||||r ||||||| ||bul|| |
| 010 ## - Наследен системен номер | |
| LC control number | KNG00217084000 |
| 020 ## - Международен стандартен номер на книга ISBN | |
| Международен стандартен номер на книга ISBN | 9786190201212 |
| 040 ## - Източник на каталожния запис | |
| Идентификатор на билиотеката - собственик на записа | BLK |
| 041 ## - Код за език | |
| Код за езика на текст/звукозапис или на отделно заглавие | Български |
| Код за езика КДБФ | Български |
| 072 #7 - Код за тематичната категория | |
| Код организация | bullib |
| Код за тематична категория | Н83 |
| Текст | Чужда художествена литература Н |
| 080 ## - УДК | |
| Текстов определител УДК | Италианска литература |
| УДК код - определител по УДК | 821.131.1 |
| УДК определител | -31 |
| УДК - код + определител | 821.131.1-31 |
| 100 1# - Редна дума - Автор | |
| Автор | Феранте, Елена |
| Авторска отговорност | първи автор |
| R(LIN) | 133695 |
| 139 ## - Редно поле | |
| Редна дума | Феранте, Елена |
| Авторски знак | Фер - Ф 40 |
| 245 10 - Сведения за заглавието | |
| Заглавие | Новото фамилно име |
| Редно поле (дума) | Елена Феранте; прев. от итал. Вера Петрова. |
| 257 ## - Страна на издаване | |
| Страна на създаване/издаване | Италия |
| 260 ## - Област на издателските данни | |
| Име на издателя, разпространителя и проч. | Колибри |
| Година на издаване | 2016 |
| Печатница | София : Инвестпрес |
| 300 ## - Физическа характеристика | |
| Страници | 509 с. |
| Размери/Мащаб | 21 см |
| 380 ## - Жанр | |
| Жанр | Худож. лит. |
| 490 1# - СЕРИИ (Колекции) | |
| Име на серия | Съвременна европейска проза |
| 500 ## - Общи забележки | |
| Забележка | Ориг. загл. Storia del nuovo cognome / Elena Ferrante. Кн. 2 от тетралогията Неаполитански романи |
| 653 ## - Ключова дума – ненормативна | |
| Ключова дума | романи |
| 659 ## - Тематичен бюлетин | |
| Тематичен бюлетин | Н |
| 700 ## - Други автори (авторска отговорност) | |
| Лично име | Петрова, Вера Върбанова |
| Автороска отговорност (Описва отношението между автора и произведението) | прев. от итал. |
| 9 (RLIN) | 342056 |
| 852 ## - Местоположение | |
| Форматна сигнатура | Цб 291208 |
| 856 4# - Електронен адрес и достъп | |
| Електронен формат | pdf - файл |
| 856 4# - Електронен адрес и достъп | |
| Електронен формат | pdf - файл |
| 999 ## - СИСТЕМНИ КОНТРОЛНИ НОМЕРА | |
| Koha biblionumber | 207322 |
| Koha biblioitemnumber | 207322 |
| 942 ## - АРТИКУЛИ | |
| Вид на библиотечния материал | Книги |
| Скрит в OPAC | Не |
| Koha issues (borrowed), all copies | 96 |
| Периодичен библиозапис | Да |
| 944 ## - СЪЗДАВАНЕ И РЕДАКЦИЯ на ЗАПИСА | |
| Създаване/Редакция | Създаване |
| Дата на регистрацията/редакция | 15.03.2018 |
| Служител, извършил регистрацията/редакцията | 30535 |
| Статус, дата на статуса | Христина Везирева |
| 944 ## - СЪЗДАВАНЕ И РЕДАКЦИЯ на ЗАПИСА | |
| Създаване/Редакция | Редакция |
| Дата на регистрацията/редакция | 31.03.2018 |
| Служител, извършил регистрацията/редакцията | Людмила_Стоянова |
| 999 ## - СИСТЕМНИ КОНТРОЛНИ НОМЕРА | |
| Koha biblioitemnumber | 207322 |
| 999 ## - СИСТЕМНИ КОНТРОЛНИ НОМЕРА | |
| Koha biblioitemnumber | 207322 |
| Код за отписване | Код за изгубен артикул | Източник на класификационната схема | Код за повреда | Коз за рестрикции | Код за отдаване | Артикулен № | Име на библиотеката - собственик | Име на библиотеката, в която се намира в момента | Статус (Текущо местоположение) | Дата на вписване в системата | Местоположение - отдел | Цена в лева | Инвентарен номер | Систематично азбучна сигнатура | Баркод | Номер на екземпляра | Цена в евро | Служебна бележка | Служебен тип на артикула |
|---|---|---|---|---|---|---|---|---|---|---|---|---|---|---|---|---|---|---|---|
| Не е изгубен | Universal Decimal Classification | Не е повреден | без рестрикции | заемане за дома | 357742 | Регионална библиотека "Любен Каравелов" Русе | Регионална библиотека "Любен Каравелов" Русе | Заемна - подръчен фонд | 2018-03-07 | Заемна - подръчен фонд | 15.00 | 120000819962 | П 850-31/Ф 40 | 120000819962 | 1 | 7.67 | Дост: Pk Вид: Ф N: 949 Дата: 07.03.2018 | Книги | |
| Не е изгубен | Universal Decimal Classification | Не е повреден | без рестрикции | заемане за дома | 681989 | Регионална библиотека "Любен Каравелов" Русе | Регионална библиотека "Любен Каравелов" Русе | Заемна - подръчен фонд | 2018-11-08 | Заемна - подръчен фонд | 16.00 | 120000825646 | П 850-31/Ф 40 | 120000825646 | 8.18 | Книги | |||
| Не е изгубен | Universal Decimal Classification | Не е повреден | без рестрикции | ползва се в читалня | 682254 | Регионална библиотека "Любен Каравелов" Русе | Регионална библиотека "Любен Каравелов" Русе | Хранилище | 2018-11-19 | Хранилище | 20.00 | Цб 291208 | 120000824740 | 10.23 | Книги | ||||
| Изтеглен | Не е изгубен | Universal Decimal Classification | Не е повреден | заемане за дома | 788585 | Регионална библиотека "Любен Каравелов" Русе | Регионална библиотека "Любен Каравелов" Русе | Заемна - подръчен фонд | 2020-08-07 | Заемна - подръчен фонд | 15.00 | 821-31/Ф 40 Е | 120000845676 | 7.67 | Книги | ||||
| Не е изгубен | Universal Decimal Classification | Не е повреден | без рестрикции | заемане за дома | 802277 | Регионална библиотека "Любен Каравелов" Русе | Регионална библиотека "Любен Каравелов" Русе | Заемна - подръчен фонд | 2020-10-01 | Заемна - подръчен фонд | 15.00 | 821-31/Ф 40 Е | 120000848321 | 7.67 | Книги |